[Event "Mechanics' Shipman TNM; G/2 d/5"]
[Site "San Francisco"]
[Date "2018.08.21"]
[Round "3.14"]
[White "Agdamag, Samuel Za"]
[Black "Askin, David"]
[Result "0-1"]
[WhiteElo "1594"]
[BlackElo "2001"]
[Annotator "Donaldson,J/Winslow,E"]
[PlyCount "114"]
[EventDate "2018.??.??"]
[Source "ChessBase"]
[SourceDate "2007.09.04"]

1. Nf3 d5 2. c4 e6 3. e3 Nf6 4. Nc3 Be7 5. Qc2 O-O 6. g3 c5 7. b3 d4 8. exd4
cxd4 9. Nb5 Nc6 10. Bb2 e5 11. Bg2 Nb4 12. Qb1 d3 13. O-O Nc2 14. Nxe5 Nxa1 15.
Bxa1 a6 16. Nc3 Qc7 17. Re1 Bf5 18. Qd1 Rad8 19. Qf3 Bc8 20. Nxd3 Rfe8 21. h3
Qd6 22. Nf4 (22. Re3 $11) 22... Qxd2 23. Rd1 Qc2 24. Nfd5 Nxd5 25. Nxd5 Bc5 26.
b4 $2 (26. Rf1 $15) 26... Bxf2+ (26... Bf8 $17) 27. Kh2 Kf8 $4 (27... Be6 28.
Rf1 Ba7 29. Nf6+ gxf6 30. Qxf6 Kf8 {walks}) 28. Rf1 $18 Qf5 29. Rxf2 Qxf3 30.
Bxf3 Be6 31. Nc7 Re7 32. Nxe6+ Rxe6 33. Bxb7 Rb6 34. Bd5 Rxb4 35. Rxf7+ Ke8 36.
Bxg7 Rb1 37. Rf8+ Ke7 38. Rxd8 Kxd8 39. Bf6+ Kd7 40. h4 Rf1 41. Bd4 Rd1 42. Bc3
Rc1 43. Be5 Re1 44. Bf4 Re2+ 45. Kh3 Rxa2 46. h5 a5 47. Bg8 Rc2 48. Bxh7 Rxc4
49. Bf5+ Ke7 50. Kg4 Kf6 51. Bd3 Rd4 52. Bb1 a4 53. h6 Rb4 {Diagram [#]} 54. h7
$2 {Throws away the win.} (54. Ba2 a3 55. Bg8 Rb7 56. Bd2 Rc7 57. Bg5+ Kg6 58.
h7 Kg7 59. Bf6+ {and wins.}) ({(} 54. Bh7 {also wins)}) 54... Kg7 55. Bf5 a3
56. Kg5 $4 (56. Be6 $11) 56... Rxf4 57. Bb1 Rf2 0-1

[Event "Mechanics' Walter Shipman TNM G/2 d/5"]
[Site "San Francisco"]
[Date "2018.10.02"]
[Round "9.20"]
[White "Agdamag, Samuel Za"]
[Black "Frank, Robert H"]
[Result "1-0"]
[WhiteElo "1594"]
[BlackElo "1295"]
[PlyCount "93"]
[EventDate "2018.??.??"]
[Source "ChessBase"]
[SourceDate "2007.09.04"]

1. d4 Nf6 2. Bg5 h6 3. Bh4 d5 4. Nd2 e6 5. Ngf3 c5 6. e4 dxe4 7. Nxe4 cxd4 8.
Nxd4 Qa5+ 9. Nc3 Qe5+ 10. Be2 Bc5 11. Nf3 Qd6 12. O-O Qxd1 13. Rfxd1 Be7 14.
Bg3 O-O 15. Bc7 Bd7 16. Ne5 Rc8 17. Bxb8 Bc6 18. Nxc6 Rxc6 19. Bf4 Bb4 20. Rd3
Bxc3 21. bxc3 Nd5 22. Bd2 Rac8 23. Bf3 Rc5 24. Rb1 b6 25. Bxd5 Rxd5 26. Rxd5
exd5 27. Kf1 d4 28. Rb3 Rc6 29. Ke2 a6 30. Kd3 dxc3 31. Rxc3 Rd6+ 32. Ke2 Kf8
33. Rc8+ Ke7 34. Bb4 Kd7 35. Bxd6 Kxc8 36. Bf8 g6 37. Bxh6 Kd7 38. Kd3 b5 39.
g4 Kd6 40. h4 Kc5 41. a3 b4 42. Bf8+ Kd5 43. axb4 Ke5 44. Ke3 f5 45. Bg7+ Kd5
46. gxf5 gxf5 47. h5 1-0

[Event "Mechanics' Spring TNM; G/2 d5"]
[Site "San Francisco"]
[Date "2018.04.17"]
[Round "5.25"]
[White "Agdamag, Samuel Za"]
[Black "Lama, Tony A"]
[Result "0-1"]
[WhiteElo "1452"]
[BlackElo "1802"]
[PlyCount "98"]
[EventDate "2018.??.??"]
[Source "ChessBase"]
[SourceDate "2007.09.04"]

1. Nf3 Nc6 2. d4 d5 3. a3 Bg4 4. e3 e5 5. dxe5 Nxe5 6. Be2 Nxf3+ 7. Bxf3 Bxf3
8. Qxf3 Nf6 9. Nc3 Be7 10. O-O c6 11. Bd2 O-O 12. Rfe1 Qc7 13. Rad1 Rfe8 14. e4
dxe4 15. Nxe4 Nxe4 16. Qxe4 Rad8 17. Qg4 Bf6 18. Rxe8+ Rxe8 19. Bg5 Qe5 20. Be3
Qxb2 21. Qd7 Rf8 22. Bxa7 h6 23. Bc5 Rd8 24. Qxd8+ Bxd8 25. Rxd8+ Kh7 26. g3
Qxc2 27. Be3 c5 28. Rd7 Kg6 29. Rd6+ f6 30. Rb6 c4 31. h4 Qd1+ 32. Kh2 Qd5 33.
Rb4 b5 34. a4 bxa4 35. Rxa4 Qb5 36. Ra7 c3 37. Rc7 Qb3 38. Rc5 h5 39. Kg2 c2
40. Kh2 Qd3 41. Kg2 Kf7 42. Rc7+ Ke6 43. Rc6+ Ke5 44. Rc5+ Ke4 45. Rc8 Qd1 46.
Re8+ Kd3 47. Rd8+ Ke2 48. Ra8 Qf1+ 49. Kh2 Kf3 0-1

[Event "Mechanics' Shipman TNM; G/2 d/5"]
[Site "San Francisco"]
[Date "2018.09.18"]
[Round "7.21"]
[White "Agdamag, Samuel Za"]
[Black "Thet, Lyn Aung"]
[Result "0-1"]
[WhiteElo "1594"]
[BlackElo "1785"]
[PlyCount "52"]
[EventDate "2018.??.??"]
[Source "ChessBase"]
[SourceDate "2007.09.04"]

1. b4 e5 2. Bb2 Bxb4 3. Bxe5 Nf6 4. Nf3 O-O 5. e3 d5 6. Be2 Re8 7. Bb2 c5 8. c4
dxc4 9. Bxc4 Be6 10. Be2 Nc6 11. O-O Rc8 12. Nc3 a6 13. a3 Ba5 14. Rc1 b5 15.
d3 Bb6 16. Re1 Na5 17. Rb1 Bb3 18. Qc1 b4 19. Nd1 c4 20. dxc4 Bxc4 21. Qd2 Qxd2
22. Nxd2 Bxe2 23. Bxf6 Bxd1 24. Rexd1 gxf6 25. Rxb4 Bd8 26. Ne4 Re6 {
and Black, a piece up, won around move 42.} 0-1

[Event "Mechanics' Shipman TNM; G/2 d/5"]
[Site "San Francisco"]
[Date "2018.08.07"]
[Round "1.6"]
[White "Agdamag, Samuel Za"]
[Black "Traub, Igor Vladim"]
[Result "0-1"]
[WhiteElo "1594"]
[BlackElo "2165"]
[PlyCount "68"]
[EventDate "2018.??.??"]
[Source "ChessBase"]
[SourceDate "2007.09.04"]

1. Nf3 d5 2. g3 Nf6 3. c4 e6 4. Bg2 Be7 5. O-O O-O 6. b3 c5 7. Bb2 Nc6 8. e3
Qb6 9. Qc1 Nb4 10. Ne1 d4 11. a3 Nc6 12. Qc2 e5 13. Nf3 d3 14. Qd1 Bg4 15. h3
Bxf3 16. Bxf3 e4 17. Bg2 Na5 18. Nc3 Qxb3 19. Qxb3 Nxb3 20. Rad1 Na5 21. Nxe4
Nxe4 22. Bxe4 Nxc4 23. Bc3 Rab8 24. Bxd3 Nxa3 25. Ra1 c4 26. Be4 Rfd8 27. Rfd1
Nb5 28. Be5 Bd6 29. Bxd6 Rxd6 30. Rac1 c3 31. dxc3 Rxd1+ 32. Rxd1 Nxc3 33. Bf3
Nxd1 34. Bxd1 b5 0-1

[Event "Mechanics' Shipman TNM; G/2 d/5"]
[Site "San Francisco"]
[Date "2018.09.04"]
[Round "5.17"]
[White "Agdamag, Samuel Za"]
[Black "Yanofsky, Kevin"]
[Result "0-1"]
[WhiteElo "1594"]
[BlackElo "1862"]
[Annotator "Winslow,Elliott"]
[PlyCount "116"]
[EventDate "2018.??.??"]
[Source "ChessBase"]
[SourceDate "2007.09.04"]

1. b4 e5 2. Bb2 d6 3. c4 Be6 4. d3 Nd7 5. g3 g6 6. Bg2 c6 7. Nf3 Bg7 8. Qc2 h6
9. O-O Ne7 10. Nc3 Rc8 11. a4 a6 12. Ne4 Nf6 13. Nfd2 Nf5 14. Qb1 h5 15. Ng5
Bd7 16. Nde4 h4 17. e3 hxg3 18. hxg3 d5 19. Nc5 Ng4 20. Nf3 Qc7 21. cxd5 cxd5
22. e4 $14 {[#]} Nxg3 $5 {(well...)} 23. fxg3 Qb6 24. Bc1 $2 (24. a5) (24. d4)
(24. exd5) 24... dxe4 $11 25. dxe4 $4 (25. a5) (25. Nh4) 25... Rxc5 $1 $19 26.
Be3 Nxe3 27. bxc5 Qxc5 28. Qc1 Qa7 $1 29. Rf2 Ng4 30. Raa2 Bh6 31. Qc7 Be3 32.
Nxe5 Bxf2+ 33. Kf1 Nh2+ 34. Ke2 Qe3+ 35. Kd1 Qd4+ 36. Kc2 (36. Ke2 {
forces Black to find} Be6) 36... Qc5+ $6 {Still wins...} ({but} 36... Be6 $1
37. Qb8+ Ke7 38. Qxh8 Qc5+ {#11}) 37. Qxc5 Bxc5 38. Kc3 Ng4 39. Nxd7 Kxd7 40.
Rd2+ Kc7 41. Bf3 Ne5 42. Bd1 Rd8 43. Rd5 Rxd5 44. exd5 Kd6 45. Bb3 Bf2 46. Kd2
Bxg3 47. Ke3 f5 48. Kd4 f4 49. Bd1 f3 50. Ke3 f2 51. Be2 Kxd5 52. Bf1 g5 53.
Bg2+ Kc5 54. Ke2 b5 55. axb5 axb5 56. Bf1 Kd4 57. Kd2 b4 58. Kc2 Nf3 0-1

[Event "Mechanics' Winter TNM; G/2 d5"]
[Site "San Francisco"]
[Date "2018.02.06"]
[Round "5.39"]
[White "Allen, Tom Carter"]
[Black "Abraham, Michael D"]
[Result "1-0"]
[WhiteElo "1400"]
[BlackElo "1678"]
[PlyCount "31"]
[EventDate "2018.??.??"]
[Source "ChessBase"]
[SourceDate "2007.09.04"]

1. e4 c5 2. d4 cxd4 3. c3 d3 4. c4 Nc6 5. Bd2 d6 6. Nf3 Nf6 7. Bxd3 Bg4 8. Qb3
Qc7 9. Nc3 a6 10. Nd5 Nxd5 11. cxd5 Na5 12. Qa4+ Bd7 13. Qxa5 b6 14. Qc3 Qb7
15. b3 Rc8 16. Qb2 1-0

[Event "Mechanics' Shipman TNM; G/2 d/5"]
[Site "San Francisco"]
[Date "2018.08.28"]
[Round "4.31"]
[White "Allen, Tom Carter"]
[Black "Agdamag, Samuel Za"]
[Result "0-1"]
[WhiteElo "1400"]
[BlackElo "1594"]
[PlyCount "42"]
[EventDate "2018.??.??"]
[Source "ChessBase"]
[SourceDate "2007.09.04"]

1. e4 c5 2. d4 cxd4 3. c3 Nf6 4. e5 Nd5 5. cxd4 Nc6 6. Nf3 g6 7. Bc4 Nb6 8. Bb3
Bg7 9. O-O O-O 10. Nc3 Qc7 11. Qe2 a6 12. Bd2 d6 13. Rac1 Bg4 14. Qe4 Bxf3 15.
gxf3 dxe5 16. d5 Nd4 17. Na4 Qd6 18. Nc5 Nxb3 19. Nxb7 Nxd2 20. Nxd6 Nxe4 21.
Nxe4 Nxd5 {And Black won shortly.} 0-1

[Event "Mechanics' Shipman TNM; G/2 d/5"]
[Site "San Francisco"]
[Date "2018.09.18"]
[Round "7.40"]
[White "Allen, Tom Carter"]
[Black "Badgett Jr, James"]
[Result "0-1"]
[WhiteElo "1400"]
[BlackElo "1209"]
[PlyCount "40"]
[EventDate "2018.??.??"]
[Source "ChessBase"]
[SourceDate "2007.09.04"]

1. e4 c5 2. d4 cxd4 3. c3 dxc3 4. Nxc3 Nc6 5. Nf3 Nf6 6. e5 Ng4 7. Bf4 Nxf2 8.
Kxf2 e6 9. Be3 a6 10. Bd3 Qc7 11. Bf4 f6 12. Re1 g5 13. Nxg5 fxg5 14. Qh5+ Kd8
15. Bxg5+ Be7 16. Bf6 Rf8 17. Ne4 Nxe5 18. Qxh7 Nxd3+ 19. Ke2 Qc2+ 20. Ke3 Bxf6
0-1

[Event "Mechanics' Spring TNM; G/2 d5"]
[Site "San Francisco"]
[Date "2018.03.27"]
[Round "2.28"]
[White "Allen, Tom Carter"]
[Black "Clemens, Kristian"]
[Result "0-1"]
[WhiteElo "1400"]
[BlackElo "1917"]
[PlyCount "50"]
[EventDate "2018.??.??"]
[Source "ChessBase"]
[SourceDate "2007.09.04"]

1. e4 e5 2. Nf3 Nf6 3. Nxe5 d6 4. Nxf7 Kxf7 5. d4 Bg4 6. f3 Be6 7. Nc3 Be7 8.
Qd3 Re8 9. Be3 Kg8 10. O-O-O Na6 11. d5 Bf7 12. f4 Ng4 13. Bg1 Bf8 14. Qh3 Nf6
15. g4 Qc8 16. Be2 h5 17. f5 hxg4 18. Bxg4 Nc5 19. Bxc5 dxc5 20. Bf3 Bd6 21.
Rhg1 Be5 22. Rg2 Kf8 23. Rdg1 Bf4+ 24. Kb1 Bh6 25. Ne2 Qd8 0-1

[Event "Mechanics' Summer TNM; G/2 d/5"]
[Site "San Francisco"]
[Date "2018.07.03"]
[Round "6.33"]
[White "Allen, Tom Carter"]
[Black "Greene, Sam"]
[Result "0-1"]
[WhiteElo "1402"]
[BlackElo "1522"]
[Annotator "Donaldson"]
[PlyCount "36"]
[EventDate "2018.??.??"]
[Source "ChessBase"]
[SourceDate "2007.09.04"]

1. e4 c6 2. Nf3 d5 3. Nc3 d4 4. Ne2 c5 5. Nf4 Nc6 6. Bc4 e6 7. d3 Bd6 8. O-O
Nge7 9. Re1 e5 10. Nd5 O-O 11. Bg5 Bg4 12. h3 Bd7 13. Nh4 h6 14. Bxe7 Nxe7 $2 {
Diagram [#]} (14... Bxe7 $11) 15. Qh5 $2 (15. Nxe7+ Qxe7 (15... Bxe7 16. Ng6
Re8 17. Nxe5 $18) 16. Ng6 $16) 15... Kh7 16. Nxe7 Qxe7 17. Nf5 Bxf5 18. Qxf5+
g6 {The position is equal but White had other obligations to attend to.} 0-1

[Event "Mechanics' Summer TNM; G/2 d/5"]
[Site "San Francisco"]
[Date "2018.07.10"]
[Round "7.39"]
[White "Allen, Tom Carter"]
[Black "Lucas, Jermorio"]
[Result "0-1"]
[WhiteElo "1402"]
[BlackElo "1239"]
[PlyCount "48"]
[EventDate "2018.??.??"]
[Source "ChessBase"]
[SourceDate "2007.09.04"]

1. e4 e6 2. d4 Nc6 3. Nf3 Be7 4. Nc3 Nf6 5. Bc4 O-O 6. e5 Ne8 7. O-O f6 8. d5
Nxe5 9. Nxe5 fxe5 10. dxe6 dxe6 11. Qg4 Rf6 12. Bg5 Rg6 13. Rad1 Nd6 14. Ne4
Bxg5 15. Rd3 Be7 16. Qe2 Qf8 17. Rf3 Nf5 18. Ng3 Kh8 19. Bd3 Bd6 20. c4 Bd7 21.
c5 Bc6 22. Rxf5 exf5 23. cxd6 e4 24. Bc4 Rxd6 0-1

[Event "Mechanics' Spring TNM; G/2 d5"]
[Site "San Francisco"]
[Date "2018.04.17"]
[Round "5.43"]
[White "Allen, Tom Carter"]
[Black "Morgan, Jerry D"]
[Result "0-1"]
[WhiteElo "1400"]
[BlackElo "1586"]
[PlyCount "48"]
[EventDate "2018.??.??"]
[Source "ChessBase"]
[SourceDate "2007.09.04"]

1. e4 Nf6 2. e5 Nd5 3. Nf3 d6 4. d4 dxe5 5. Nxe5 c6 6. Bc4 Nd7 7. O-O Nxe5 8.
dxe5 Bf5 9. Nd2 e6 10. Nf3 Be7 11. Qe2 O-O 12. Rd1 Qb6 13. Bxd5 exd5 14. c3 Bg4
15. Be3 Qc7 16. Rd4 Bxf3 17. Qxf3 Qxe5 18. Bf4 Qf6 19. Qg3 Qe6 20. Kf1 Bf6 21.
Re1 Qf5 22. Rd2 Rfe8 23. Rde2 Rxe2 24. Rxe2 Qb1+ 0-1

[Event "Mechanics' Winter TNM; G/2 d5"]
[Site "San Francisco"]
[Date "2018.02.27"]
[Round "8.24"]
[White "Allen, Tom Carter"]
[Black "Singh, Amitoj"]
[Result "0-1"]
[WhiteElo "1400"]
[BlackElo "1710"]
[PlyCount "30"]
[EventDate "2018.??.??"]
[Source "ChessBase"]
[SourceDate "2007.09.04"]

1. e4 e5 2. Nf3 Nc6 3. d4 exd4 4. c3 d5 5. exd5 Qxd5 6. cxd4 Bg4 7. Nc3 Bb4 8.
Bd2 Bxc3 9. Bxc3 Nf6 10. Be2 O-O 11. O-O Rfe8 12. Re1 Ne7 13. Qc2 Ng6 14. Rad1
Nf4 15. Bd2 Nxe2+ 0-1

[Event "Mechanics' Winter TNM; G/2 d5"]
[Site "San Francisco"]
[Date "2018.02.20"]
[Round "7.36"]
[White "Allen, Tom Carter"]
[Black "Touset, Stephen Ka"]
[Result "1-0"]
[WhiteElo "1400"]
[BlackElo "1574"]
[Annotator "Donaldson"]
[PlyCount "31"]
[EventDate "2018.??.??"]
[Source "ChessBase"]
[SourceDate "2007.09.04"]

1. e4 d6 2. d4 Nf6 3. Nc3 e5 4. dxe5 dxe5 5. Qxd8+ Kxd8 6. Bg5 Be6 7. Nf3 Bd6
8. O-O-O Nbd7 9. Bxf6+ gxf6 10. Be2 Ke7 11. Nd5+ Bxd5 12. Rxd5 a6 $2 (12... Nc5
) 13. Nh4 $1 b5 14. Nf5+ Ke6 15. Rhd1 (15. Rxd6+ cxd6 16. Rd1 d5 17. Rxd5 {
leads to the game continuation.}) 15... Nb6 {Diagram [#]} 16. Rxd6+ 1-0

[Event "Mechanics' Winter TNM; G/2 d5"]
[Site "San Francisco"]
[Date "2018.02.13"]
[Round "6.16"]
[White "Anderson, Michael"]
[Black "Babayan, Gagik"]
[Result "1/2-1/2"]
[WhiteElo "1900"]
[BlackElo "1718"]
[PlyCount "60"]
[EventDate "2018.??.??"]
[Source "ChessBase"]
[SourceDate "2007.09.04"]

1. e4 e5 2. Nf3 Nc6 3. d4 exd4 4. Nxd4 Nf6 5. Nxc6 bxc6 6. e5 Qe7 7. Qe2 Nd5 8.
c4 Ba6 9. Qe4 Nb6 10. Nc3 Bb7 11. h4 f6 12. exf6 gxf6 13. Rh3 O-O-O 14. Qxe7
Bxe7 15. Bf4 d5 16. O-O-O dxc4 17. Re1 Bb4 18. a3 Bxc3 19. Rxc3 Rhe8 20. Rxe8
Rxe8 21. Bd2 c5 22. Bxc4 Re4 23. Bd3 Rxh4 24. g3 Rh5 25. Be3 Nd7 26. g4 Rh1+
27. Kd2 Bf3 28. Bf5 Kd8 29. Bxd7 Rd1+ 30. Kc2 Rxd7 {
Drawn a few moves later. Remaining moves unavailable.} 1/2-1/2

[Event "Mechanics' Winter TNM; G/2 d5"]
[Site "San Francisco"]
[Date "2018.01.30"]
[Round "4.19"]
[White "Anderson, Michael"]
[Black "Campers Jr, Willie"]
[Result "1-0"]
[WhiteElo "1900"]
[BlackElo "1651"]
[PlyCount "50"]
[EventDate "2018.??.??"]
[Source "ChessBase"]
[SourceDate "2007.09.04"]

1. e4 e6 2. d4 d5 3. Nc3 Bb4 4. e5 c5 5. Bd2 cxd4 6. Nb5 Bc5 7. b4 Be7 8. Qg4
Kf8 9. Nxd4 Nd7 10. Ngf3 h5 11. Qf4 Nb6 12. h4 f6 13. Ng5 Ke8 14. Bb5+ Bd7 15.
Ngxe6 Qb8 16. Nxg7+ Kd8 17. Nde6+ Kc8 18. Bxd7+ Nxd7 19. exf6 Bxf6 20. O-O-O
Be5 21. Qf7 Ngf6 22. f4 Bd6 23. Qg6 b6 24. g3 Kb7 25. Bc3 Be7 {
Remaining moves unavailable.} 1-0

[Event "Mechanics' Shipman TNM; G/2 d/5"]
[Site "San Francisco"]
[Date "2018.08.21"]
[Round "3.17"]
[White "Anderson, Michael"]
[Black "Francis, Daniel E"]
[Result "1-0"]
[WhiteElo "1903"]
[BlackElo "1566"]
[PlyCount "43"]
[EventDate "2018.??.??"]
[Source "ChessBase"]
[SourceDate "2007.09.04"]

1. e4 c5 2. d4 cxd4 3. c3 dxc3 4. Nxc3 Nc6 5. Nf3 d6 6. Bc4 a6 7. O-O Nf6 8.
Bf4 Bg4 9. Qb3 Be6 10. Bxe6 fxe6 11. Qxe6 Qd7 12. Qb3 e5 13. Bg3 Qf7 14. Qb6
Rb8 15. Ng5 Qd7 16. f4 Nh5 17. Nd5 Nxg3 18. Nc7+ Ke7 19. hxg3 h5 20. fxe5 Nxe5
21. Rac1 Nc6 22. Rf7+ 1-0

[Event "Mechanics' Summer TNM; G/2 d/5"]
[Site "San Francisco"]
[Date "2018.05.29"]
[Round "1.18"]
[White "Anderson, Michael"]
[Black "Hilliard, Michael"]
[Result "1-0"]
[WhiteElo "1905"]
[BlackElo "1410"]
[PlyCount "59"]
[EventDate "2018.??.??"]
[Source "ChessBase"]
[SourceDate "2007.09.04"]

1. e4 c6 2. d4 d5 3. exd5 cxd5 4. Bd3 Nf6 5. h3 e6 6. Nf3 Bd6 7. O-O O-O 8. Bg5
Nbd7 9. Nbd2 h6 10. Bh4 Qc7 11. Qe1 g5 12. Bg3 Bxg3 13. fxg3 Nh5 14. Kh2 Ndf6
15. Ne5 Nd7 16. Qe2 Nxg3 17. Kxg3 f6 18. Rae1 fxe5 19. Rxf8+ Nxf8 20. Qxe5 Qe7
21. Qxd5 Qb4 22. Qe5 Qxd2 23. Rf1 Qb4 24. Qf6 Bd7 25. Qf7+ Kh8 26. Rf6 Qd6+ 27.
Kf3 Bc6+ 28. Ke2 Bb5 29. Rxh6+ Nh7 30. Qxh7# 1-0

[Event "Mechanics' Bedjanian TNM; G/2 d/5"]
[Site "San Francisco"]
[Date "2018.10.23"]
[Round "1.19"]
[White "Anderson, Michael"]
[Black "Hilliard, Michael"]
[Result "1-0"]
[WhiteElo "1904"]
[BlackElo "1405"]
[PlyCount "57"]
[EventDate "2018.??.??"]
[Source "ChessBase"]
[SourceDate "2007.09.04"]

1. e4 c6 2. d4 d5 3. exd5 cxd5 4. Bd3 Nf6 5. Bf4 Nc6 6. c3 e6 7. Nf3 Bd6 8. Bg5
h6 9. Bh4 Be7 10. Nbd2 O-O 11. O-O Nh5 12. Bg3 Bd6 13. Re1 Nxg3 14. hxg3 a6 15.
Rc1 b5 16. Bb1 Bd7 17. Qe2 Qe8 18. Qd3 f5 19. Nf1 Qh5 20. Ne3 Rf6 21. Nf1 Bc7
22. Ne5 Nxe5 23. dxe5 Rff8 24. Ne3 Rae8 25. Qd4 g5 $2 {Diagram [#]} (25... Qg5
$15) 26. g4 $1 Qf7 27. gxf5 exf5 28. Nxd5 Bb8 29. Nf6+ 1-0

[Event "Mechanics' Spring TNM; G/2 d5"]
[Site "San Francisco"]
[Date "2018.03.27"]
[Round "2.17"]
[White "Anderson, Michael"]
[Black "Hope, Frederick"]
[Result "1-0"]
[WhiteElo "1900"]
[BlackElo "1536"]
[PlyCount "97"]
[EventDate "2018.??.??"]
[Source "ChessBase"]
[SourceDate "2007.09.04"]

1. e4 c5 2. d4 e6 3. d5 d6 4. c4 Nf6 5. Nc3 Be7 6. Bd3 O-O 7. Nge2 e5 {
How often does the Smith Morra Gambit lead to the Czech Benoni, albeit one
tempo up forWhite?} 8. h3 Na6 9. a3 Bd7 10. O-O Nc7 11. f4 a6 12. fxe5 dxe5 13.
Ng3 b5 14. b3 Nfe8 15. Be3 Rb8 16. Ra2 a5 17. a4 bxc4 18. bxc4 Na6 19. Nb5 Bg5
20. Qd2 Bxe3+ 21. Qxe3 Qb6 22. Raf2 Nec7 23. Be2 Nxb5 24. cxb5 Nb4 25. Bc4 Qd6
26. Qg5 f6 27. Qd2 Rf7 28. Be2 g6 29. Qh6 Rc8 30. Bc4 Rcf8 31. h4 Kh8 32. Qe3
f5 33. exf5 gxf5 34. Ne4 Qg6 35. Ng5 Rg7 36. Qxe5 h6 37. Ne6 Bxe6 38. dxe6 f4
39. e7 Re8 40. Qxf4 Rexe7 41. Qf8+ Kh7 42. Bg8+ Rxg8 43. Qxe7+ Rg7 44. Qxc5 Nd3
45. Qf5 Nxf2 46. Rxf2 Qxf5 47. Rxf5 Rg4 48. b6 Rb4 49. Rb5 1-0

[Event "Mechanics' Shipman TNM; G/2 d/5"]
[Site "San Francisco"]
[Date "2018.09.18"]
[Round "7.14"]
[White "Anderson, Michael"]
[Black "Huberts, Alexander"]
[Result "1-0"]
[WhiteElo "1903"]
[BlackElo "1705"]
[PlyCount "32"]
[EventDate "2018.??.??"]
[Source "ChessBase"]
[SourceDate "2007.09.04"]

1. e4 c6 2. d4 d5 3. exd5 cxd5 4. Bd3 Nc6 5. c3 g6 (5... Nf6) (5... Qc7 $5) 6.
Bf4 Bf5 7. Bxf5 gxf5 8. Qd3 e6 9. Nf3 Bd6 10. Bg5 f6 11. Bh4 Qd7 12. Nbd2 O-O-O
13. O-O-O Kb8 14. Rhe1 Rc8 15. Qb5 a6 16. Qa4 a5 {
somehow the scores both turn to mush around here. 1-0 22.} 1-0

[Event "Mechanics' Bedjanian TNM; G/2 d/5"]
[Site "San Francisco"]
[Date "2018.12.11"]
[Round "8.13"]
[White "Anderson, Michael"]
[Black "Lin, Aung Tun"]
[Result "1-0"]
[WhiteElo "1904"]
[BlackElo "1640"]
[PlyCount "63"]
[EventDate "2018.??.??"]
[Source "ChessBase"]
[SourceDate "2007.09.04"]

1. e4 c5 2. d4 cxd4 3. c3 dxc3 4. Nxc3 Nc6 5. Nf3 a6 6. Bc4 e6 7. O-O b5 8. Bb3
Qc7 9. Qe2 g6 10. Be3 Bg7 11. Rac1 Qd8 12. Rfd1 Qe7 13. Bf4 e5 14. Nd5 Qd8 15.
Bg5 f6 16. Be3 Rb8 17. Bc5 d6 18. Ne3 Nd4 19. Nxd4 exd4 20. Rxd4 Qc7 21. Nd5
Qd7 22. Bb4 Rb7 23. Qc2 Ne7 24. Nxe7 Kxe7 25. Rxd6 Qxd6 26. Bxd6+ Kxd6 27. Qc5+
Kd7 28. Qd5+ Ke7 29. Rxc8 Rxc8 30. Qxb7+ Kd8 31. g3 Rc7 32. Qxa6 1-0

[Event "Mechanics' Vartan Bedjanian TNM; G/2 d/"]
[Site "San Francisco"]
[Date "2018.11.07"]
[Round "3.3"]
[White "Anderson, Michael"]
[Black "Mont-Reynaud, Jordy"]
[Result "0-1"]
[WhiteElo "1904"]
[BlackElo "2246"]
[Annotator "Winslow,Elliott"]
[PlyCount "34"]
[EventDate "2018.??.??"]
[Source "ChessBase"]
[SourceDate "2007.09.04"]

1. e4 c5 2. d4 cxd4 3. c3 dxc3 4. Nxc3 Nc6 5. Nf3 d6 6. Bc4 Nf6 $6 7. e5 dxe5
8. Qxd8+ Nxd8 9. Nb5 Rb8 10. Nxe5 e6 11. Nc7+ Ke7 12. O-O $5 (12. Be3 b6 (12...
Kd6 $6 13. Bf4 $1 $18) 13. O-O-O (13. O-O {Esserman}) 13... Rb7 14. Nb5 Nd7 (
14... Bd7 $5) 15. Nxd7 $1 Bxd7 16. Bf4 Bxb5 17. Bxb5 f6 18. Ba6 Rd7 19. Rxd7+
Kxd7 20. Rd1+ Ke7 21. Bb5) (12. b3 Nd7 (12... Nc6 $5 13. Bb2 Nd7)) 12... Nc6 (
12... a6 13. Rd1 b5 14. Bf4 Nh5 15. Rxd8 Kxd8 16. Nc6+ Kd7 17. Nxb8+ Ke7 18.
Bg5+ f6 19. Bd2 {1-0 (19) Tan,R-Deceuninck,S Hengelo 2002}) (12... Ne4 13. Re1
Nd6 14. Bb3 f6 15. Nf3 Bd7 16. Nd4 e5 17. Rxe5+ Ne6 18. Re1 {
1-0 (18) Gonzalez Gastellu,R-Arditi,R Buenos Aires 1981}) 13. Nxc6+ (13. Bf4 g6
(13... Nh5 14. Bg5+ f6 15. Nxc6+ bxc6 16. Be3 g6 17. Rfd1 Ng7 18. Bc5+ Kf7 19.
Rd8 Bxc5 20. Rxh8 Bd6 21. Na6 Bxa6 22. Rxb8 Bxc4 23. Rb7+ Be7 24. Rxa7 e5 25.
a4 Ke6 26. a5 Ne8 27. a6 c5 28. Rxe7+ Kxe7 29. a7 Nc7 30. a8=Q Nxa8 31. Rxa8
Kd6 32. f3 h5 33. h4 f5 34. g3 f4 35. Rd8+ Ke7 36. Rc8 Kd6 37. gxf4 exf4 38. b4
Bd5 39. bxc5+ Kd7 40. Rf8 Bxf3 41. Rxf4 Bg4 42. Rf6 Bf5 43. Kf2 {
1-0 (43) Gipslis,A-Anokhin, Y Batumi (Georgia) 1961}) 14. Na6 Ra8 15. Nc7 Rb8
16. Rfe1 Nb4 17. Rac1 Bg7 18. a3 Nc6 19. Nxc6+ bxc6 20. Nxe6 Bxe6 21. Bxb8 Rxb8
22. Bxe6 fxe6 23. Rxc6 Rxb2 24. Rcxe6+ Kf7 25. Ra6 Rb7 26. g3 Ng8 27. Re4 Bf8
28. Ra5 Nh6 29. Rea4 Nf5 30. Rxa7 Rxa7 31. Rxa7+ Ke6 32. a4 h6 33. a5 Bc5 34.
Ra6+ Nd6 35. Rc6 Kd5 36. Rc7 Ne4 37. a6 Bxf2+ 38. Kg2 Bb6 39. a7 Bxa7 40. Rxa7
Ke6 41. Kf3 Ng5+ 42. Kg4 Kf6 43. Ra6+ Kf7 44. h4 Nh7 45. Ra7+ Kg8 46. Kf4 Nf6
47. g4 Nd5+ 48. Ke5 Ne3 49. g5 Ng4+ 50. Kf4 h5 51. Ra2 Kf7 52. Rg2 Kf8 53. Rxg4
hxg4 54. Kxg4 Kg7 55. Kf4 Kf7 56. Ke5 Ke7 57. Kd5 Kd7 58. Kc5 Ke7 59. Kc6 Ke6 {
1/2-1/2 (59) Ahvonen, M-Suuronen,P Tampere 1994}) 13... bxc6 14. b3 Nd5 15.
Bxd5 exd5 16. Bf4 Rb4 17. Rfe1+ Kd7 0-1

[Event "Mechanics' Shipman TNM; G/2 d/5"]
[Site "San Francisco"]
[Date "2018.08.07"]
[Round "1.15"]
[White "Anderson, Michael"]
[Black "Robertson, Terrance"]
[Result "1-0"]
[WhiteElo "1903"]
[BlackElo "1450"]
[PlyCount "83"]
[EventDate "2018.??.??"]
[Source "ChessBase"]
[SourceDate "2007.09.04"]

1. e4 e5 2. Nf3 Nf6 3. Nxe5 d6 4. Nf3 Nxe4 5. d4 d5 6. Bd3 Nc6 7. O-O Be7 8. c4
Nb4 9. Be2 O-O 10. a3 Nc6 11. Nc3 Nxc3 12. bxc3 Bf5 13. Bf4 Rc8 14. Re1 Re8 15.
Bg3 Bf6 16. Qa4 a6 17. cxd5 Qxd5 18. Bc4 Rxe1+ 19. Rxe1 Qd7 20. Bb3 Ne7 21. Qc4
Ng6 22. a4 b5 23. Qb4 c6 24. h4 Re8 25. Rxe8+ Qxe8 26. h5 Ne7 27. Qd6 Qd7 28.
Qb8+ Qc8 29. Qa7 Nd5 30. Be5 Bd8 31. c4 Bb6 32. Qb8 Qxb8 33. Bxb8 bxc4 34. Bxc4
a5 35. Ne5 Bxd4 36. Nxc6 Nb6 37. Ne7+ Kf8 38. Nxf5 Nxc4 39. Nxd4 Nb2 40. Nc6
Nxa4 41. Be5 Nc5 42. Bd6+ 1-0